000 00908nam a2200241Ia 4500
008 130821s1965 ag gr spa
040 _aCo-BoUCM
_bspa
041 0 0 _aspa
100 1 _aCervante Saavedra , Miguel De
_d1547-1616
_9162675
245 1 3 _aEl ingenioso hidalgo Don Quijote de la Mancha principales y más entretenidas aventuras
_cMiguel de Cervantes Saavedra
250 _a6a. ed.
260 _aBuenos Aires (Argentina)
_bEditorial Kapelusz
_c1965
300 _a312 páginas
490 _aGrandes Obras de la Literatura Universal
650 0 4 _aCaballeros y caballería
_vNovela
_97349
650 0 4 _aLiteratura española
_97793
650 0 4 _aLiteratura europea
_926524
650 0 4 _aNovela española
_920500
650 0 4 _aNovela fantástica
_920502
700 _aLacau, María Hortensia
_edir.
_9125150
942 _cLIBRO
_a18
_e6
_mC419i
_2DEWEY
_h863.3
999 _c49298
_d49298